La adopcin̤ de las medidas cautelares con carc̀ter previo a la demanda

Detalles Bibliográficos
Autor principal: Gascn̤ Inchausti, Fernando
Formato: Desconocido
Lenguaje:español
Publicado: Barcelona : CEDECS, 1999
Materias:
Acceso en línea:Acceso restringido

MARC

LEADER 00000ny a22000003n 4500
005 20110621121758.0
008 000125s1999 sp s 000 0 spa c
017 |a B23328-1999 
020 |a 8495027372 
035 |a 341 
040 |a UMA.DER  |d vLex 
040 |a UMA.RE  |d vLex 
090 |c 934  |d 934 
100 1 |a Gascn̤ Inchausti, Fernando 
245 1 3 |a La adopcin̤ de las medidas cautelares con carc̀ter previo a la demanda  |h [Recurso electrn̤ico]  |c Fernando Gascn̤ Inchausti 
256 |a Servicio en ln̕ea 
260 |a Barcelona :  |b CEDECS,  |c 1999 
300 |a 184 p. ;  |c 24 cm 
504 |a Bibliogr.: p. 179-184 
506 1 |a Contenido solo disponible en los productos indicados  |d vLex Global  |d vLex Global (Academic Edition, excluding Law Schools)  |d vLex Global (U.S. Academic Edition, Law Schools)  |d vLex Global (U.S. Academic Edition, excluding Law Schools)  |d vLex Global (Academic Edition, Law Schools) 
650 0 7 |a Medidas cautelares  |2 Tesauro vLex 
650 0 7 |a Procesal  |2 Tesauro vLex 
650 0 7 |a Tullml̄  |2 Tesauro vLex 
740 0 |a vLex Libros (Servicios en ln̕ea) 
856 4 0 |u http://vlex.com/source/341  |z Acceso restringido 
942 |c BOOK